ბათუმის შოთა რუსთაველის სახელმწიფო უნივერსიტეტის ბიბლიოთეკა

"დედა ენა" აჭარაში / (ბიბ.ჩანაწერი № 38264)

000 -ლიდერი
ფიქსირებული სიგრძის საკონტროლო ველი 00904nam a2200229Ia 4500
001 - საკონტროლო ნომერი
საკონტროლო ველი 4254
003 - საკონტროლო ნომრის იდენტიფიკატორი
საკონტროლო ველი GE_BSU
005 - ბოლო ოპერაციის თარიღი და დრო
საკონტროლო ველი 20191011113648.0
008 - ფიქსირებული სიგრძის მონაცემთა ელემენტები - ზოგადი ინფორმაცია
ფიქსირებული სიგრძის საკონტროლო ველი 181216s||||||||xx |||||||||||||| ||und||
040 ## - კატალოგიზაციის წყარო
Transcribing agency GE_BSU
041 ## - ენის კოდი
Language code of text/sound track or separate title geo
080 ## - უნივერსალური ათობითი კლასიფიკაციის ინდექსი
Universal Decimal Classification number 37.01(479.22)(092)+811.353.1-8+37(479.223)(09) გ-58
100 ## - მთავარი ჩანაწერი - პიროვნების სახელი
Personal name გობრონიძე, ალ.
9 (RLIN) 4660
245 ## - ცნობა სათაურის შესახებ
Title "დედა ენა" აჭარაში /
Statement of responsibility, etc რედ. აზ. ახვლედიანი.
264 ## - წარმოების, გამოცემის, დისტრიბუციის და სხვა ცნობები
გამოცემის, წარმოების, დისტრიბუციის... ადგილი ბათუმი :
გამოცემის, წარმოების, დისტრიბუციის... სახელწოდება საბჭოთა აჭარა,
გამოცემის, წარმოების, დისტრიბუციის... თარიღი 1976.
300 ## - ფიზიკური აღწერა
Extent 52 გვ. ;
Other physical details 17 სმ.
653 ## - INDEX TERM--UNCONTROLLED
Uncontrolled term გოგებაშვილი, იაკობ;
653 ## - INDEX TERM--UNCONTROLLED
Uncontrolled term დედა ენა;
653 ## - INDEX TERM--UNCONTROLLED
Uncontrolled term განათლების ისტორია აჭარაში;
700 ## - ADDED ENTRY--PERSONAL NAME
Personal name ახვლედიანი, აზ.
Relator term რედაქტორი
9 (RLIN) 4689
942 ## - ADDED ENTRY ELEMENTS (KOHA)
Koha item type წიგნი
Source of classification or shelving scheme
ეგზემპლარები
ჩამოწერის სტატუსი დაკარგული ეგზემპლარის სტატუსი კლასიფიკაციის წყარო ან თაროზე გაწყობის სქემა დაზიანების სტატუსი არ გაიცემა მუდმივი მდებარეობა (დაცვის ადგილი) ამჟამინდელი ადგილსამყოფელი თაროზე განთავსების ადგილი შეძენის თარიღი ღირებულება, შესყიდვის ნორმალური ფასი სრული შენახვის შიფრი შტრიხკოდი ბოლო ოპერაციის თარიღი ეგზემპლარის მიმდევრობითი ნომერი (კეტერი?) ფასის ძალაში შესვლის თარიღი ეგზემპლარის სახეობა საჯარო შენიშვნა
          ბათუმის შოთა რუსთაველის სახელმწიფო უნივერსიტეტის მთავარი ბიბლიოთეკა ბათუმის შოთა რუსთაველის სახელმწიფო უნივერსიტეტის მთავარი ბიბლიოთეკა წიგნსაცავი 2018-12-17 1.00 37.01(479.22)(092)+811.353.1-8+37(479.223)(09) გ-58 5995 2018-12-17 5995 2018-12-17 წიგნი 1 ლ.